Equipos Liga betplay 2024 - Estadísticas

Estadísticas generales
  • Esta prueba ha sido intentada 76 veces
  • La puntuación promedio es 17 de 20
Estadísticas de respuestas
Respuesta % Correcto
Atletico nacional
100%
América de Cali
98%
Deportivo Cali
98%
Junior
94%
Millonarios
94%
Atletico Bucaramanga
91%
Santa Fe
91%
Deportivo Pereira
87%
Independiente Medellín
87%
Deportes Tolima
83%
Once caldas
83%
Patriotas
81%
Águilas Doradas
79%
Boyaca Chicó
79%
Equidad
79%
Jaguares
79%
Alianza
77%
Envigado
77%
Pasto
72%
Fortaleza
70%
No se encontraron pruebas coincidentes
Distribución de puntuación
Porcentaje de gente con cada puntuación
Porcentaje por número respondido
Historial de tus puntuaciones
No has intentado esta prueba.